000 00372cam a2200181 4500
001 D12968
008 090401t1947 xxu||||| |||| 00| 0 eng d
035 _a(Sirsi) u6898
041 _aeng
100 _aHinks, A.R.
245 _aMaps and survey
250 _a5th
260 _bCUP
_c1947
350 _a0
520 _aShelf 182
942 _n0
948 _c04/03/1997
999 _c86367
_d86367